Role of collective bargaining in a democracy (Record no. 501718)

000 -LEADER
fixed length control field 00494cam a22001457a 4500
008 - FIXED-LENGTH DATA ELEMENTS--GENERAL INFORMATION
fixed length control field 180718b1949 xxu||||| |||| 00| 0 eng d
082 ## - DEWEY DECIMAL CLASSIFICATION NUMBER
Classification number R83x73 P96
100 ## - MAIN ENTRY--PERSONAL NAME
Personal name Lazarus, Herman
245 ## - TITLE STATEMENT
Title Role of collective bargaining in a democracy
Statement of responsibility, etc. by Herman Lazarus and Joseph P. Goldberg
260 ## - PUBLICATION, DISTRIBUTION, ETC.
Place of publication, distribution, etc. Washington
Name of publisher, distributor, etc. Public Affairs Institute
Date of publication, distribution, etc. 1949
300 ## - PHYSICAL DESCRIPTION
Extent 72p.
650 ## - SUBJECT ADDED ENTRY--TOPICAL TERM
Topical term or geographic name entry element Collective bargaining --United States
650 ## - SUBJECT ADDED ENTRY--TOPICAL TERM
Topical term or geographic name entry element Industrial relations --United States
700 ## - ADDED ENTRY--PERSONAL NAME
Personal name Goldberg, Joseph P.
Holdings
Withdrawn status Lost status Damaged status Not for loan Permanent Location Current Location Date acquired Full call number Barcode Date last seen Price effective from Koha item type
        Indian Institute of Public Administration Indian Institute of Public Administration 2018-08-04 R83x73 P96 GR1211 2018-08-04 2018-08-04 GR

Powered by Koha